00433nam a2200145Ia 4500003000400000005001700004008004000021040000700061041001200068082001700080100005800097245008600155260003900241300000700280OSt20260423143726.0210210b1985 xxu||||| |||| 00| 0 eng d cAL aKannada a954.87K SUJH aSUJATHA (H S).dಸುಜಾತ (ಎಚ್ ಎಸ್) aHagalavadi paleyagararu.bಹಾಗಲವಾಡಿ ಪಾಳೆಯಗಾರರು aBengaluru.bIBH Prakashana.,c1985 a40